000
00331nam a22001457a 4500
008
210506b ||||| |||| 00| 0 eng d
020
_a
0879931426
041
_a
eng
080
_a
616.12
082
_a
616.12
100
_a
7
101
_a
KARDIO
245
_a
Clinical Cardiology and Diabetes
_c
Ralph C. Scott
942
_2
udc
_c
BK
999
_c
57083
_d
57083